Big Iron - Marty Robbins (Lyrics) - Statistics

General Stats
  • This quiz has been taken 24 times
  • The average score is 313 of 438
Answer Stats
Answer % Correct
the
100%
To
100%
to
100%
a
94%
big
94%
his
94%
iron
94%
on
94%
town
94%
1
88%
day
88%
had
88%
have
88%
he
88%
hip
88%
no
88%
of
88%
one
88%
in
82%
out
82%
Red
82%
red
82%
slip
82%
around
76%
fine
76%
him
76%
ranger
76%
rode
76%
stranger
76%
Texas
76%
texas
76%
when
76%
with
76%
an
71%
be
71%
dared
71%
didnt
71%
folks
71%
into
71%
make
71%
men
71%
outlaw
71%
say
71%
so
71%
was
71%
would
71%
among
65%
and
65%
ask
65%
business
65%
came
65%
dead
65%
it
65%
morning
65%
much
65%
not
65%
said
65%
them
65%
there
65%
tried
65%
were
65%
20
59%
agua
59%
alive
59%
all
59%
arizona
59%
back
59%
before
59%
but
59%
early
59%
fria
59%
from
59%
hardly
59%
made
59%
maybe
59%
name
59%
or
59%
riding
59%
side
59%
south
59%
take
59%
19
53%
24
53%
after
53%
by
53%
for
53%
here
53%
lip
53%
looking
53%
loose
53%
many
53%
running
53%
slowly
53%
spoke
53%
each
47%
fatal
47%
gathered
47%
hes
47%
is
47%
knew
47%
live
47%
long
47%
matter
47%
more
47%
over
47%
pistol
47%
plain
47%
some
47%
started
47%
talking
47%
that
47%
they
47%
this
47%
whisper
47%
wouldn't
47%
11
41%
21
41%
bullet
41%
death
41%
feet
41%
ground
41%
handsome
41%
lay
41%
match
41%
meet
41%
notches
41%
now
41%
numbered
41%
passed
41%
past
41%
quickly
41%
rangers
41%
story
41%
street
41%
though
41%
time
41%
walked
41%
watching
41%
windows
41%
worry
41%
40
35%
about
35%
between
35%
breath
35%
cleared
35%
fairly
35%
held
35%
moment
35%
play
35%
relayed
35%
ripped
35%
still
35%
stopped
35%
swiftness
35%
talked
35%
today
35%
vicious
35%
wasnt
35%
youth
35%
aim
29%
body
29%
deadly
29%
killer
29%
leather
29%
living
29%
might
29%
oh
29%
fore
24%
everyone
18%
gone
12%
thier
6%
No matching quizzes found
Score Distribution
Percent of People with Each Score
Percentile by Number Answered
Your Score History
You have not taken this quiz